000 00965nam a2200241 a 4500
001 BRCA_9014
005 20190320210508.0
008 200717s1790----sp-a######---#000-0#spa-#
041 _aspa
044 _asp
084 _aBE64
_b.R38 1790
100 1 _aRaulin, Juan Facundo
_etr.
_922359
245 1 0 _aPastoral de nuestro santísimo padre Benedicto XIV
_bde gloriosa memoria, siendo Cardenal Arzobispo de la Santa Iglesia de Bolonia ; e instrucciones eclesiásticas para su diócesi
_ctraducidas del toscano por el Fr. Juan Facundo Raulin.
260 _aMadrid
_bEn la Imprenta Real
_c1790
300 _a[38], 384 p. (t.1, 6a impresión)
_c21.7 x 15 cm
500 _aCon las licencias necesarias
500 _aEstado físico: presenta encuadernación en pergamino con cintas
600 1 4 _aBenedicto XIV
_cPapa
_d1675-1758
_922360
650 1 4 _aIglesia católica
_xDisciplina
_9463
651 4 _aBolonia (Arquidiócesis)
_922361
902 _aCFM
942 _2lcc
_cB
999 _c8665
_d8665